| 000 | 00663nam a22001337a 4500 | ||
|---|---|---|---|
| 040 | _cRUA | ||
| 082 | _aAGR HOU 2017 B625 Or.1 | ||
| 100 | _aHOURN RINA ហួន រីណា | ||
| 245 | _acomparison of different rates of manual on growth and yeild of green mustard ការប្រៀបធៀបកម្រិតជីលាមកសត្ខុសៗគ្នាលើការលូតលាស់ និងទិន្នផលដំណាំស្ពៃខៀវវ | ||
| 260 |
_aPhnom penh _bRUA _c2017 |
||
| 300 |
_aix;31p _bill; _c29cm; |
||
| 856 | _uhttps://drive.google.com/file/d/12Lq0mmmDhbJLP4-FmIAonGDwiCl0oLIi/view?usp=sharing | ||
| 942 | _cAGR | ||
| 999 |
_c17768 _d17768 |
||